000 00805nam a2200241 i 4500
001 68974
003 ES-MaACL
005 20251115063240.0
007 t|
008 040823s1932 sp af |||| | spa d
080 _a091.31(460)(048)
080 _a75.057(460)(084)
100 1 _aDomínguez Bordona, Jesús,
_d1889-1963
_945195
245 1 3 _aEl arte de la miniatura española /
_cJesús Domínguez Bordona.
260 _a[Madrid] :
_bPlutarco,
_c[1932]
300 _a24 p., XXIV h. de lám. ;
_c21 cm.
490 1 _aÍndices de Cultura Española
650 1 4 _aIluminación de manuscritos-
_zEspaña-
_vObras ilustradas.
_9145369
650 4 _aManuscritos miniados.
_9151000
830 0 _aÍndices de Cultura Española
_9230968
852 _aES-MaACL
_j1793-F-4
999 _c68974
_d68974